Who Did That Alternative Song Quiz - Statistics

General Stats
  • This quiz has been taken 95 times
  • The average score is 16 of 26
Answer Stats
Year Song Musical Act % Correct
1991 Smells Like Teen Spirit Nirvana
99%
1995 Wonderwall Oasis
94%
1991 Losing My Religion R.E.M.
87%
1993 Zombie The Cranberries
84%
1993 Creep Radiohead
82%
2003 Seven Nation Army The White Stripes
80%
2004 Mr. Brightside The Killers
76%
1999 All The Small Things Blink-182
74%
2005 Feel Good Inc. Gorillaz
72%
1997 Bitter Sweet Symphony The Verve
67%
1997 Everlong Foo Fighters
66%
2008 Sex On Fire Kings of Leon
65%
2003 In The End Linkin Park
64%
1999 Scar Tissue The Red Hot Chili Peppers
64%
1994 Say It Ain't So Weezer
64%
2001 How You Remind Me Nickelback
60%
2010 Pumped Up Kicks Foster The People
56%
1994 Black Hole Sun Soundgarden
56%
1994 When I Come Around Green Day
52%
1997 Semi-Charmed Life Third Eye Blind
47%
2017 Feel It Still Portugal. The Man
46%
2009 Uprising Muse
41%
1994 Interstate Love Song Stone Temple Pilots
40%
1992 No Rain Blind Melon
36%
1997 Sex and Candy Marcy Playground
24%
1994 Lightning Crashes Live
21%
No matching quizzes found
Score Distribution
Percent of People with Each Score
Percentile by Number Answered
Your Score History
You have not taken this quiz